| 000 | 00679nam a2200217Ia 4500 | ||
|---|---|---|---|
| 003 | GCL | ||
| 008 | 140319s9999 xx 000 0 ara d | ||
| 040 |
_aGCL / _cGCL |
||
| 082 | 0 | 4 |
_a956.9 _bر.ق |
| 100 | 1 | _aرجاستمارة | |
| 245 | 1 | 0 |
_aقانون المحتل: اسرائيل والضفة الغربية / _cرجاستمارة |
| 700 | 1 | _aمحمود زايد (مترجم) | |
| 260 |
_a[S.N] : _bمؤسسة الدراسات الفلسطينية ، _c1990 |
||
| 300 | _a249 ص | ||
| 490 | _a | ||
| 650 | 0 | 4 | _aالنزاع العربى الاسرائيلى |
| 650 | 0 | 4 | _aفلسطين |
| 650 | 0 | 4 | _aاسرائيل |
| 650 | 0 | 4 | _aالصهيونية |
| 942 |
_2ddc _cBK |
||
| 999 |
_c54370 _d54370 |
||